000 00799nam a22002297a 4500
999 _c19477
_d19477
003 AR-CdUCM
008 190517b ||||| |||| 00| 0 spa d
020 _a8489303602
040 _aMUNICIPALIDAD PROVINCIAL DEL CUSCO
_cBIBLIOTECA MUNICIPAL DEL CUSCO
082 _a306.6 /
_bR84
100 _aRostworowski de Diez Canseco, Maria
_97375
245 _aEstructuras andinas del poder :
_bIdeología religiosa y política /
260 _aLima :
_bIEP,
_c1996.
300 _a202 páginas ;
_c23 cm.
505 _aContenido : Esquemas religiosos -- Tunupa -- Viracocha -- Pachacamac -- Dioses menores...
650 _aReligión
_91195
650 _aDioses mayores
_940825
650 _aDioses menores
_940826
650 _aYanaraman y Libiac cancharco
_940827
942 _2ddc
_cLIBROS
945 _arcc